1697 1186 1880 1786 1237 1143 1770 1449 1463 1650 1644 1929 1210 1926 1012 1865 1966 1960 1169 1889 1588 1243 1992 1882 1261 1907 1607 1049 1599 1510 1859 1320 1425 1669 1025 1001 1589 1972 1936 1035 1384 1102 1777 1808 1127 1987 1692 1810 1588 1712 1035 1227 1957 1204 1051 1090 1181 1426 1345 1334 1552 1458 1628 1360 1745 1830 1785 1404 1255 1634 1849 1742 1917 1989 1401 1734 1643 1196 1459 1487 1629 1985 1373 1154 1999 1936 1512 1877 1846 1691 1187 1200 1617 1101 1954 1281 1905 1995 1655 BCNSPRNW ULIB Ver.6.0+V

เปลี่ยนเป็นภาษาไทย

Change to English
 แสดงรายละเอียดบรรณานุกรม
  กลับหน้าหลัก

Brief Record : Get Marc (ISO 2709) : E-mail record : QR code < ปิดหน้าต่าง
LEADER : 00000nam 2200000uu 4500
001    13399121427
003     ULIB
008    110608s2546 th 000 1 tha d
020    ^a9789749150962
090    ^aรส.^bศ536ท 2546
100 0  ^aศิลา โคมฉาย
245 10 ^aทางเสือ /^cศิลา โคมฉาย
250    ^aพิมพ์ครั้งที่ 7
260    ^aกรุงเทพฯ :^bมูลนิธิสถาบันวิชาการ 14 ตุลา,^c2546
300    ^a116 หน้า ;^c21 ซม.
490 0  ^aหนังสือชุด''ตุลาวรรณกรรม''
500    ^aฉลองครบรอบ 30 ปี 14 ตุลา : 2516-2546 ร่วมวาระประวัติศาสตร์''''วัน 14 ตุลา ประชาธิปไตย''''
650  4 ^aความเรียง
650  4 ^aชีวิต
650  4 ^aนวนิยายไทย
710 2  ^aมูลนิธิสถาบันวิชาการ 14 ตุลา
945    ^p0^l0^i14359
995    ^aกัณชพร
999    ^aกัณชพร
รายการนี้ยังไม่มีแท็ก
คุณยังไม่ได้ล็อกอิน คุณสามารถมีกิจกรรมร่วมกับเว็บไซต์ได้ แต่ต้องล็อกอินก่อน ::
  ล็อกอิน

รายการสื่อสารสนเทศ

ลำดับที่ ประเภท เลขเรียก/บาร์โค้ด สถานที่ สถานะ
1. วิทยาศาสตร์การแพทย์ และสุขภาพ
วิทยาศาสตร์การแพทย์ และสุขภาพ
รส. ศ536ท 2546  
  Barcode: 14359
ห้องสมุดวิทยาเขตสวรรค์ประชารักษ์
►นวนิยาย
บนชั้น
  ขอยืม

รายการใกล้เคียง
    หัวเรื่อง [ความเรียง]
    หัวเรื่อง [ชีวิต]
    หัวเรื่อง [นวนิยายไทย]

BibComment


ยังไม่เคยถูกคอมเมนท์

คอมเมนท์ทรัพยากรรายการนี้
  คอมเมนท์: ทางเสือ ศิลา โค..


 Copyright 2026. Bcnsprnw @Library